Metadata - integrační nástroj statistiky

Všeobecná definícia pojmu "metainformácia". Základné funkcie štatistickej metainfomácie a ich význam. SMS (štatistický metadátový systém) - jeho budovanie a využívanie. Vízia, hlavné ciele a úspešnosť SMS. Plánovanie SMS - vypracovanie komplexného harmonogramu. Doporučenia pre vypracovanie harmono...

Descripción completa

Guardado en:
Detalles Bibliográficos
Autor principal: Melíšková, Jana
Formato: Capítulo de libro
Lenguaje:checo
Materias:
Etiquetas: Agregar Etiqueta
Sin Etiquetas, Sea el primero en etiquetar este registro!

MARC

LEADER 00000naa$a2200000$$$4500
001 0014205
005 20231013081054.6
041 0 |a cze 
044 |a CZ 
245 1 0 |a Metadata - integrační nástroj statistiky  |c aut. Jana Melíšková 
520 |a Všeobecná definícia pojmu "metainformácia". Základné funkcie štatistickej metainfomácie a ich význam. SMS (štatistický metadátový systém) - jeho budovanie a využívanie. Vízia, hlavné ciele a úspešnosť SMS. Plánovanie SMS - vypracovanie komplexného harmonogramu. Doporučenia pre vypracovanie harmonogramu. Štatistické klasifikácie ako hlavné funkčné bloky SMS. Štandardizácia terminológie štatistických metadát. Užívatelia metainformácií. Doporučenia pre budovanie a rozvoj SMS. 
610 2 0 |a štatistika 
610 2 0 |a informácie štatistické 
610 2 0 |a systémy štatistické 
610 2 0 |a terminológia 
100 1 |a Melíšková, Jana